Structural methods for the exploration geologist and a series of problems for structural geology students / (Record no. 861925)

MARC details
000 -LEADER
fixed length control field 00935nam a2200301 a 4500
001 - CONTROL NUMBER
control field vtls001407606
003 - CONTROL NUMBER IDENTIFIER
control field NLI
005 - DATE AND TIME OF LATEST TRANSACTION
control field 20210627113851.0
008 - FIXED-LENGTH DATA ELEMENTS--GENERAL INFORMATION
fixed length control field 121127s1959 enka 000 0 eng
020 ## - INTERNATIONAL STANDARD BOOK NUMBER
Terms of availability Rs. 15.00
039 #9 - LEVEL OF BIBLIOGRAPHIC CONTROL AND CODING DETAIL [OBSOLETE]
-- 201211272046
-- VLOAD
040 ## - CATALOGING SOURCE
Original cataloging agency NLI
Language of cataloging eng
Transcribing agency Datasoft_2012
Description conventions AACR2
041 0# - LANGUAGE CODE
Language code of text/sound track or separate title eng
044 ## - COUNTRY OF PUBLISHING/PRODUCING ENTITY CODE
MARC country code enk
082 04 - DEWEY DECIMAL CLASSIFICATION NUMBER
Classification number 551.8028
100 1# - MAIN ENTRY--PERSONAL NAME
Personal name Badgley, Peter C.
9 (RLIN) 986107
245 10 - TITLE STATEMENT
Title Structural methods for the exploration geologist and a series of problems for structural geology students /
Statement of responsibility, etc. Peter C. Badgley
260 ## - PUBLICATION, DISTRIBUTION, ETC.
Place of publication, distribution, etc. Oxford :
Name of publisher, distributor, etc. Oxford Book,
Date of publication, distribution, etc. c1959
300 ## - PHYSICAL DESCRIPTION
Extent xv, 266 p. :
Other physical details ill. ;
Dimensions 30 cm.
440 #0 - SERIES STATEMENT/ADDED ENTRY--TITLE
Title Harper's geoscience series
9 (RLIN) 985540
500 ## - GENERAL NOTE
General note Library has 2. cops.
650 #0 - SUBJECT ADDED ENTRY--TOPICAL TERM
Topical term or geographic name entry element Geology, structural
9 (RLIN) 727179
650 #0 - SUBJECT ADDED ENTRY--TOPICAL TERM
Topical term or geographic name entry element Geology
General subdivision Research
9 (RLIN) 981795
887 ## - NON-MARC INFORMATION FIELD
Content of non-MARC field
901 ## - LOCAL DATA ELEMENT A, LDA (RLIN)
a DB9248
b 04.01.1967
9 c.2
902 ## - LOCAL DATA ELEMENT B, LDB (RLIN)
a S.T 551.8028 B 142
942 ## - ADDED ENTRY ELEMENTS (KOHA)
Source of classification or shelving scheme Dewey Decimal Classification
Koha item type Books
Holdings
Withdrawn status Lost status Damaged status Not for loan Collection code Home library Current library Shelving location Date acquired Total Checkouts Full call number Date last seen Price effective from Koha item type
          National Library of India National Library of India       S.T 551.8028 B 142 27/06/2021 27/06/2021 Books
                                                                           
web counter

Copyright ©2020 The National Library of India, Govt. of India ↔ Hosted by NVLI, MOC ↔ Technology and Design by National Library of India, Ministry of Culture, Govt. of India